000 00870nas a2200313 4500
001 BR0304625
003 BR-BrBNA
005 20231205104104.0
007 ta
008 230509b bl.|||p| |||| 00| 00por d
040 _aBR-BrBNA
_bpor
_cBiblioteca Nacional de Agricultura
041 _a(Pt)
072 _aQ54; Q52
100 1 _aCoan, R.M.
100 1 _aFreitas, D.
100 1 _aReis, R.A.
100 1 _aRodrigues, L.R.A.
245 1 _aFubá de milho como aditivo para ensilagem de aveia
650 _aFUBÁ
650 _aENSILAGEM
650 _aCOMPOSIÇÃO QUÍMICA
650 _aENSILAGEM
650 _aCOMPOSIÇÃO QUÍMICA
650 _aAVEIA PRETA
650 _aADITIVO
773 0 _tArs Veterinária (Brazil)
_xISSN 0102-6380
_g(Dec 2000), v. 16(3) p. 232-236
_wBR0304625
909 _a202311
_bLúcia
_c55
_dLúcia Elande
942 _2AGRIS
_n0
_cANA
999 _c176289
_d176289